Online
Catalog

Seminarios regionales de motivación dirigidos a los miembros titulares de las Juntas Electorales. (Record no. 27386)

MARC details
000 -CABECERA
campo de control de longitud fija 00639nam a2200145 a 4500
001 - NÚMERO DE CONTROL
campo de control 000027894
005 - FECHA Y HORA DE LA ÚLTIMA TRANSACCIÓN
campo de control 20200930031200.0
008 - DATOS DE LONGITUD FIJA--INFORMACIÓN GENERAL
campo de control de longitud fija 110405s2008 dr c 000 0 spa d
049 ## - FONDOS LOCALES (OCLC)
Fondos de biblioteca BNPD
040 ## - FUENTE DE LA CATALOGACIÓN
Centro catalogador/agencia de origen DO-SdBNP
111 1# - ENTRADA PRINCIPAL--NOMBRE DE CONGRESO/REUNIÓN
Nombre de congreso/reunión o jurisdicción como elemento de entrada Seminarios regionales de motivación
Fecha del congreso/reunión (2007, nov. 22
Sede del congreso/Lugar de la reunión Santo Domingo)
9 (RLIN) 54963
245 10 - MENCIÓN DE TÍTULO
Título Seminarios regionales de motivación dirigidos a los miembros titulares de las Juntas Electorales.
260 ## - PUBLICACIÓN, DISTRIBUCIÓN, ETC.
Lugar de publicación, distribución, etc. Santo Domingo :
Nombre del editor, distribuidor, etc. Escuela Nacional de Formación Electoral y del Estado Civil (EFEC) :
-- Cámara Adminstrativa y la Cámara Contenciosa de la Junta Central Electoral,
Fecha de publicación, distribución, etc. 2008.
300 ## - DESCRIPCIÓN FÍSICA
Extensión 66 p. :
Otras características físicas retr.
Extensión 24 cm.
Holdings
Estado de retiro Estado de pérdida No para préstamo Código de colección Localización permanente Ubicación/localización actual Ubicación en estantería Fecha de adquisición Número de inventario Total de préstamos Signatura topográfica completa Código de barras Fecha visto por última vez Precio válido a partir de Tipo de ítem Koha Número de copia
    Excluido de préstamo Patrimonio Dominicano Patrimonio Dominicano Patrimonio Dominicano Depósito 05.04.2011 LF1   27894-10 25.06.2020 25.06.2020 Libro y Folleto Colección Patrimonio Dominicano  
    Excluido de préstamo Patrimonio Dominicano Patrimonio Dominicano Patrimonio Dominicano En catalogación 19.07.2011 LF1   27894-20 25.06.2020 25.06.2020 Libro y Folleto Colección Patrimonio Dominicano e. 2

Powered by Koha